000 00745nam a2200193Ia 4500
008 151121s9999||||xx |||||||||||||| ||und||
082 _a170/देशपां
082 _bHNW-71444
100 _aदेशपांडे दि। य।
245 _aनीतिशास्त्राचे प्रश्न
260 _b"म। वि। ग्रं। नि। मं।, औरंगाबाद।"
260 _c--
300 _a122
600 _aदेशपांडे दि। य।
630 _aनीतिशास्त्राचे प्रश्न
700 _aदेशपांडे दि। य।
730 _aनीतिशास्त्राचे प्रश्न
942 _cBOOK
999 _c1252912
_d1252909